书目信息 |
| 题名: |
鲁迅手稿管窥
|
|
| 作者: | 朱正 编 | |
| 分册: | ||
| 出版信息: | 长沙 湖南人民出版社 1981.6 |
|
| 页数: | 218页 | |
| 开本: | 21cm | |
| 丛书名: | ||
| 单 册: | ||
| 中图分类: | I210.7 | |
| 科图分类: | ||
| 主题词: | 文学--作品集--中国 | |
| 电子资源: | ||
| ISBN: | ||
| 000 | 00485nam0 2200181 45 | |
| 001 | 0181013677 | |
| 005 | 20060720171638.64 | |
| 010 | @dCNY0.52 | |
| 100 | @a20810111d km y0chiy0120 ea | |
| 101 | 0 | @achi |
| 200 | 1 | @a鲁迅手稿管窥@Alu xun shou gao guan kui@f朱正编@Fzhu zheng bian |
| 210 | @a长沙@c湖南人民出版社@d1981.6 | |
| 215 | @a218页@d21cm | |
| 606 | 0 | @a文学@x作品集@x中国 |
| 690 | @aI210.7 | |
| 701 | 0 | @a朱正@Azhu zheng@4编 |
| 801 | @aCN@bTSTC@c20060720 | |
| 905 | @dI210.7@e141 | |
| 鲁迅手稿管窥/朱正编.-长沙:湖南人民出版社,1981.6 |
| 218页;21cm |
| ISBN :CNY0.52 |
| ● |
| 相关链接 |
|
|
|
|
正题名:鲁迅手稿管窥
索取号:I210.7/141
 
预约/预借
| 序号 | 登录号 | 条形码 | 馆藏地/架位号 | 状态 | 备注 |
| 1 | 0179438 | 001404885 | 第一样本阅览室/ [索取号:I210.7/141] | 在馆 | |
| 2 | 0420414 | 204204146 | 密集书库/ [索取号:I210.7/141] | 在馆 | |
| 3 | 0420415 | 204204155 | 密集书库/ [索取号:I210.7/141] | 在馆 | |
| 4 | 0427015 | 204270154 | 密集书库/ [索取号:I210.7/141] | 在馆 | |
| 5 | 0427028 | 204270289 | 密集书库/ [索取号:I210.7/141] | 在馆 | |
| 6 | 0427029 | 204270298 | 密集书库/ [索取号:I210.7/141] | 在馆 |